<?xml version="1.0" encoding="UTF-8"?>
<record
    xmlns:xsi="http://www.w3.org/2001/XMLSchema-instance"
    xsi:schemaLocation="http://www.loc.gov/MARC21/slim http://www.loc.gov/standards/marcxml/schema/MARC21slim.xsd"
    xmlns="http://www.loc.gov/MARC21/slim">

  <leader>01673njm a2200349Ia 4500</leader>
  <controlfield tag="001">35999</controlfield>
  <controlfield tag="003">IT-RoPAU</controlfield>
  <controlfield tag="005">20220918181129.0</controlfield>
  <controlfield tag="008">131025s9999    xx            000 0 und d</controlfield>
  <datafield tag="040" ind1=" " ind2=" ">
    <subfield code="a">IT-RoPAU</subfield>
  </datafield>
  <datafield tag="040" ind1=" " ind2=" ">
    <subfield code="c">IT-RoPAU</subfield>
  </datafield>
  <datafield tag="999" ind1=" " ind2=" ">
    <subfield code="c">100411</subfield>
    <subfield code="d">100411</subfield>
  </datafield>
  <datafield tag="999" ind1=" " ind2=" ">
    <subfield code="b">n.d.</subfield>
  </datafield>
  <datafield tag="100" ind1=" " ind2=" ">
    <subfield code="a">Debussy Claude</subfield>
    <subfield code="9">1886</subfield>
  </datafield>
  <datafield tag="100" ind1=" " ind2=" ">
    <subfield code="e">Autore musica</subfield>
    <subfield code="9">19160</subfield>
  </datafield>
  <datafield tag="100" ind1=" " ind2=" ">
    <subfield code="g">Codice autore musica SPICS: 7486</subfield>
    <subfield code="9">1888</subfield>
  </datafield>
  <datafield tag="245" ind1=" " ind2=" ">
    <subfield code="a">Water Music of the Impressionist</subfield>
  </datafield>
  <datafield tag="250" ind1=" " ind2=" ">
    <subfield code="a">1a ed.</subfield>
  </datafield>
  <datafield tag="260" ind1=" " ind2=" ">
    <subfield code="a">USA</subfield>
  </datafield>
  <datafield tag="260" ind1=" " ind2=" ">
    <subfield code="b">DELOS RECORDS</subfield>
    <subfield code="c">1983 [1a Ed.:1983]</subfield>
  </datafield>
  <datafield tag="300" ind1=" " ind2=" ">
    <subfield code="a">COMPACT DISC</subfield>
  </datafield>
  <datafield tag="300" ind1=" " ind2=" ">
    <subfield code="c">4 minuti (Testo:  pag.)</subfield>
  </datafield>
  <datafield tag="500" ind1=" " ind2=" ">
    <subfield code="a">Musica classica, strumentale: pianoforte</subfield>
  </datafield>
  <datafield tag="505" ind1=" " ind2=" ">
    <subfield code="a">Ondine (4:00) - Poissons d'or (4:00) - Reflets dans l'eau (6:00) - Jardins sous la pluie (4:00) - La cathedrale engloutie (7:00) - Ondine (7:00) - Jeux d'eau (6:00) - The Fountain of the Acqua Paola (4:00) - Les jeux d'eaux a la villa d'Este (8:00)</subfield>
  </datafield>
  <datafield tag="650" ind1=" " ind2=" ">
    <subfield code="a">CLASSICA [COMPACT DISC]</subfield>
    <subfield code="e">Codice MATERIA SPICS: 9949</subfield>
    <subfield code="9">19161</subfield>
  </datafield>
  <datafield tag="700" ind1=" " ind2=" ">
    <subfield code="a">Rosenberger Carol</subfield>
    <subfield code="g">Codice interprete SPICS: 33058</subfield>
    <subfield code="e">Interprete</subfield>
    <subfield code="9">19162</subfield>
  </datafield>
  <datafield tag="700" ind1=" " ind2=" ">
    <subfield code="a">Debussy Claude</subfield>
    <subfield code="g">Codice autore musica SPICS: 7486</subfield>
    <subfield code="e">Autore musica</subfield>
    <subfield code="p">Ondine - Poissons d'or - Reflets dans l'eau - Jardins sous la pluie - La cathedrale engloutie</subfield>
    <subfield code="9">19163</subfield>
  </datafield>
  <datafield tag="700" ind1=" " ind2=" ">
    <subfield code="a">Ravel Maurice</subfield>
    <subfield code="g">Codice autore musica SPICS: 2180</subfield>
    <subfield code="e">Autore musica</subfield>
    <subfield code="p">Ondine - Jeux d'eau</subfield>
    <subfield code="9">19164</subfield>
  </datafield>
  <datafield tag="700" ind1=" " ind2=" ">
    <subfield code="a">Griffes Charles Tomlinson</subfield>
    <subfield code="g">Codice autore musica SPICS: 17070</subfield>
    <subfield code="e">Autore musica</subfield>
    <subfield code="p">The Fountain of the Acqua Paola</subfield>
    <subfield code="9">19165</subfield>
  </datafield>
  <datafield tag="700" ind1=" " ind2=" ">
    <subfield code="a">Liszt Franz</subfield>
    <subfield code="g">Codice autore musica SPICS: 10789</subfield>
    <subfield code="e">Autore musica</subfield>
    <subfield code="p">Les jeux d'eaux a la villa d'Este</subfield>
    <subfield code="9">19166</subfield>
  </datafield>
  <datafield tag="700" ind1=" " ind2=" ">
    <subfield code="e">Autore musica</subfield>
    <subfield code="9">19167</subfield>
  </datafield>
  <datafield tag="942" ind1=" " ind2=" ">
    <subfield code="c">CD</subfield>
    <subfield code="2">ddc</subfield>
  </datafield>
  <datafield tag="952" ind1=" " ind2=" ">
    <subfield code="0">0</subfield>
    <subfield code="1">0</subfield>
    <subfield code="4">0</subfield>
    <subfield code="6">35999_000000000000000</subfield>
    <subfield code="7">1</subfield>
    <subfield code="a">SPICS</subfield>
    <subfield code="b">SPICS</subfield>
    <subfield code="d">2013-10-25</subfield>
    <subfield code="l">0</subfield>
    <subfield code="o">35999</subfield>
    <subfield code="r">2013-10-25 00:00:00</subfield>
    <subfield code="w">2013-10-25</subfield>
    <subfield code="y">CD</subfield>
    <subfield code="z">Progr. Ins.: 12278 / N.Vol.: n.d. / Copie: 1 - Copia rara: n.d. / date import: 01.01.2014 - By Epidotti, Trombetti, Vaglietti</subfield>
  </datafield>
</record>
